Statystyki dla Liczenie 1 - 50 - łatwiejsza wersja

Kliknij tutaj aby rozwiązać quiz!

Ogólne statystyki

  • Ten quiz został rozwiązany 155 razy
  • Średni wynik to 47 z 50

Statystyki odpowiedzi

Cyfra% Poprawnych
1
100%
2
100%
3
100%
4
100%
5
100%
6
100%
7
99%
8
99%
9
98%
10
97%
11
96%
12
96%
13
95%
15
95%
17
95%
14
94%
16
94%
21
94%
22
94%
23
94%
24
94%
19
93%
20
93%
25
93%
26
93%
27
93%
28
93%
29
93%
30
93%
31
93%
33
93%
18
92%
32
92%
40
92%
34
91%
35
91%
36
91%
37
91%
38
91%
39
91%
41
90%
42
90%
43
90%
44
90%
45
90%
46
90%
48
89%
47
88%
49
88%
50
87%

Rozkład punktacji

Percentyl według liczby udzielonych odpowiedzi

Procent ludzi z każdym wynikiem

Twoja historia wyników

Nie rozwiązałeś tego quizu